| Tag |
First Indicator |
Second Indicator |
Subfields |
| LEADER |
00000cam a2200000 a 4500 |
| 001 |
in00001294021 |
| 005 |
20151004091454.0 |
| 007 |
hd afa014baca |
| 008 |
920827s1991 dcu a f000 0 eng d |
| 035 |
|
|
|a (OCoLC)26490260
|
| 035 |
|
|
|9 AGZ6326AM
|
| 040 |
|
|
|a UPA
|c UPA
|d UtOrBLW
|
| 043 |
|
|
|a e-ur---
|
| 049 |
|
|
|a TXAI
|
| 090 |
|
|
|a JK1108
|b .M35 Suppl. 1991 reel 12
|
| 099 |
|
|
|a Film
|a S
|a 1717 1991, reel 12, fr. 1232.
|
| 100 |
1 |
|
|a Goshko, Ana.
|
| 245 |
1 |
0 |
|a Chronology of key Soviet events in the period before the coup :
|b March 1990-July 1991 /
|c Ana Goshko.
|
| 264 |
|
1 |
|a [Washington, D.C.] :
|b Congressional Research Service, Library of Congress,
|c [1991]
|
| 300 |
|
|
|a 23 pages ;
|c 28 cm.
|
| 336 |
|
|
|a text
|b txt
|2 rdacontent
|
| 337 |
|
|
|a microform
|b h
|2 rdamedia
|
| 338 |
|
|
|a microfilm reel
|b hd
|2 rdacarrier
|
| 500 |
|
|
|a Cover title.
|
| 500 |
|
|
|a At head of title: CRS report for Congress.
|
| 500 |
|
|
|a "October 7, 1991."
|
| 500 |
|
|
|a "91-732 F."
|
| 533 |
|
|
|a Microfilm.
|b Arlington, Va. :
|c University Publications of America,
|d 1992.
|e on 1 microfilm reel ; 35 mm. Low reduction.
|f (Major studies and issue briefs of the Congressional Research Service. 1991-1992 supplement ; reel 12, fr. 1232).
|
| 500 |
|
|
|a Microform.
|
| 651 |
|
0 |
|a Soviet Union
|x Politics and government
|y 1985-1991.
|
| 710 |
2 |
|
|a Library of Congress.
|b Congressional Research Service.
|
| 830 |
|
0 |
|a Major studies and issue briefs of the Congressional Research Service.
|p Supplement ;
|v 1991, reel 12, fr. 1232.
|
| 999 |
|
|
|a MARS
|
| 999 |
f |
f |
|s 1365553d-6e76-3dea-8020-e20cb77831d4
|i b247d29e-9b62-3503-8e1f-516d5bff132c
|t 0
|
| 952 |
f |
f |
|p default
|a Texas A&M University
|b College Station
|c Sterling C. Evans Library
|d Evans: Microforms (3rd floor)
|t 0
|e Film S 1707 1991, reel 12 fr. 1232
|h Other scheme
|i microform -- microfilm reel
|
| 998 |
f |
f |
|a Film S 1707 1991, reel 12 fr. 1232
|t 0
|l Evans: Microforms (3rd floor)
|